000 00806nam a2200289Ia 4500
005 20260324112014.0
008 008 260324s9999 xx 000 0 eng d
020 _a9781003611271
037 _aEBOOK
040 _aCRL
040 _beng
040 _cCRL
041 _2eng
041 _aeng
084 _qCRL
100 _aSteven E. Lobell; Patrick James; Scott A. Silverstone; Kyle Beardsley; Victor Asal; Edward Gonzalez; Norrin M. Ripsman
_91140912
245 0 _aUnderstanding Near Crises and Escalation in World Politics
245 2 _bA Mixed Methods Approach
260 _bTaylor and Francis
260 _c2025
365 _a
365 _b230
856 _uhttp://www.taylorfrancis.com/books/9781003611271
942 _cEBOOK
999 _c1729931
_d1729931